[Event "RLP-ch MTB 26th"]
[Site "Ludwigshafen"]
[Date "2007.07.18"]
[Round "3"]
[White "Kaemmer, Rolf"]
[Black "Schlich, Mara"]
[Result "1/2-1/2"]
[WhiteElo "915"]
[BlackElo "1601"]
[PlyCount "103"]
[EventDate "2007.07.13"]
[EventType "swiss"]
[EventRounds "7"]
[EventCountry "GER"]
[SourceTitle "EXT 2009"]
[Source "ChessBase"]
[SourceDate "2008.11.26"]
[SourceVersion "1"]
[SourceVersionDate "2008.11.26"]
[SourceQuality "1"]

1. d4 e6 2. Bf4 Nf6 3. e3 Nc6 4. c3 d5 5. Nf3 Bd6 6. Bxd6 Qxd6 7. Bb5 0-0 8. Nbd2 Bd7 9. Bxc6 Bxc6 10. Ne5 Bb5 11. Qb3 Ba6 12. a4 Nd7 13. Ndf3 f6 14. Nxd7 Qxd7 15. Rc1 Bc4 16. Qc2 Rae8 17. b3 Ba6 18. c4 c6 19. 0-0 e5 20. e4 exd4 21. exd5 cxd5 22. Nxd4 dxc4 23. Qc3 cxb3 24. Qxb3+ Kh8 25. Nb5 Bxb5 26. Qxb5 Qxb5 27. axb5 Rc8 28. Rfd1 Kg8 29. Kf1 b6 30. Rxc8 Rxc8 31. Rd7 Rc5 32. Rxa7 Rxb5 33. Rb7 h6 34. Ke2 Kh7 35. f4 Kg6 36. g4 f5 37. h3 Kf6 38. Kf3 Rb3+ 39. Ke2 g5 40. fxg5+ Kxg5 41. Rg7+ Kf6 42. Rb7 b5 43. Rb6+ Ke5 44. Rxh6 fxg4 45. hxg4 Kf4 46. Rg6 b4 47. Kd2 Rg3 48. Kc2 b3+ 49. Kb2 Ke5 50. Rg5+ Kd4 51. Rg8 Kc4 52. Rc8+ 1/2-1/2

[Event "RLP-ch MTB 26th"]
[Site "Ludwigshafen"]
[Date "2007.07.15"]
[Round "5"]
[White "Kaemmer, Rolf"]
[Black "Meng, Pascal"]
[Result "0-1"]
[WhiteElo "915"]
[BlackElo "1313"]
[PlyCount "70"]
[EventDate "2007.07.13"]
[EventType "swiss"]
[EventRounds "7"]
[EventCountry "GER"]
[SourceTitle "EXT 2009"]
[Source "ChessBase"]
[SourceDate "2008.11.26"]
[SourceVersion "1"]
[SourceVersionDate "2008.11.26"]
[SourceQuality "1"]

1. d4 Nf6 2. Bf4 d5 3. e3 Bf5 4. Nf3 e6 5. c3 c6 6. Nbd2 Nbd7 7. Ne5 Be7 8. Be2 0-0 9. h3 h6 10. Ndf3 Qb6 11. 0-0 Nxe5 12. Nxe5 Qxb2 13. Qe1 Qb6 14. g4 Be4 15. f3 Bh7 16. g5 hxg5 17. Bxg5 Qd8 18. Qh4 Re8 19. Kh1 Bf5 20. Rg1 Nh7 21. Bxe7 Qxe7 22. Qh6 f6 23. Rxg7+ Qxg7 24. Rg1 Qxg1+ 25. Kxg1 fxe5 26. dxe5 Re7 27. Kh2 Rg7 28. f4 Rg6 29. Qh4 Be4 30. Bg4 Re8 31. Qh5 Kg7 32. f5 exf5 33. Bxf5 Rg2+ 34. Kh1 Rg5+ 35. Kh2 Rxh5 0-1